Sindhi , Siraiki , Kashmiri / (Record no. 525740)
[ view plain ]
| 000 -LEADER | |
|---|---|
| fixed length control field | 00623nam a22001817a 4500 |
| 003 - CONTROL NUMBER IDENTIFIER | |
| control field | NUST |
| 005 - DATE AND TIME OF LATEST TRANSACTION | |
| control field | 20190704072632.0 |
| 038 ## - RECORD CONTENT LICENSOR | |
| Staff Name | Faiza |
| 082 ## - DEWEY DECIMAL CLASSIFICATION NUMBER | |
| Classification number | 891.4301 |
| Author Mark | ALA |
| 245 ## - TITLE STATEMENT | |
| Title | Sindhi , Siraiki , Kashmiri / |
| 260 ## - PUBLICATION, DISTRIBUTION, ETC. | |
| Place of publication, distribution, etc. | Islamabad: |
| Name of publisher, distributor, etc. | Allama Iqbal Open University, |
| Date of publication, distribution, etc. | 2004. |
| 300 ## - PHYSICAL DESCRIPTION | |
| Extent | 356p. ; |
| 500 ## - GENERAL NOTE | |
| General note | Paper Cover |
| 710 ## - ADDED ENTRY--CORPORATE NAME | |
| Corporate name or jurisdiction name as entry element | Department of Pakistan Languages A.I.O.U Islamabad |
| 9 (RLIN) | 16706 |
| 880 ## - ALTERNATE GRAPHIC REPRESENTATION | |
| Linkage | 245-02\r |
| Title | سندھی، سرایئکی ، کشمیری / |
| 880 ## - ALTERNATE GRAPHIC REPRESENTATION | |
| Linkage | 710-03\r |
| Title | شعبہ پاکستانی زبانیں علامہ اقبال اوپن یونیورسٹی اسلام آباد |
| 942 ## - ADDED ENTRY ELEMENTS (KOHA) | |
| Source of classification or shelving scheme | |
| Koha item type | Book |
| Withdrawn status | Lost status | Source of classification or shelving scheme | Damaged status | Not for loan | Permanent Location | Current Location | Date acquired | Total Checkouts | Full call number | Barcode | Date last seen | Price effective from | Koha item type |
|---|---|---|---|---|---|---|---|---|---|---|---|---|---|
| Central Library (CL) | Central Library (CL) | 07/04/2019 | 891.4301 ALA | CL-E-1056 | 07/04/2019 | 07/04/2019 | Book |
